[Event "2. Offene Bochumer StEM 2011"]
[Site "?"]
[Date "2011.09.08"]
[Round "1.1"]
[White "Pewny, Uwe"]
[Black "Maczkowiak, Thomas"]
[Result "1-0"]
[WhiteElo "2187"]
[BlackElo "1835"]
[PlyCount "125"]

1. e4 c6 2. d4 d5 3. e5 Bf5 4. h4 Qb6 5. g4 Bd7 6. h5 e6 7. c3 c5 8. f4 Nc6 9.
Nf3 O-O-O 10. Rh2 f6 11. Be3 Kb8 12. Rc2 cxd4 13. cxd4 Nb4 14. Rd2 Nh6 15. Bh3
Nf7 16. Nc3 Be7 17. a3 Na6 18. Kf2 fxe5 19. dxe5 Bc5 20. Nd4 Rc8 21. g5 Bxd4
22. Bxd4 Qd8 23. Kg1 Nc7 24. Qe2 Qe8 25. Qe3 a6 26. Bg4 Nb5 27. Ne2 Nxd4 28.
Nxd4 Qe7 29. a4 Rc7 30. Qa3 Qxa3 31. Rxa3 Nd8 32. Rf3 Rf8 33. b3 Re8 34. Rc2
Rxc2 35. Nxc2 Nc6 36. Kf2 Rc8 37. Rc3 Nd8 38. Rxc8+ Kxc8 39. Nd4 g6 40. Ke3 Kc7
41. Kd2 Bc8 42. Be2 Bd7 43. Bd3 Be8 44. Nf3 Kd7 45. h6 Ke7 46. Nh2 Bf7 47. Ng4
Bg8 48. Nf6 Kf7 49. Bf1 Nc6 50. Bh3 Nd8 51. b4 Kf8 52. Kc3 Kf7 53. a5 Kf8 54.
Kd4 Kf7 55. Kc5 Kf8 56. Bg4 Kf7 57. Bd1 Kf8 58. Ba4 Kf7 59. Kd6 Kf8 60. Kc7 Nc6
61. Bxc6 bxc6 62. Kxc6 d4 63. b5 1-0

[Event "2. Offene Bochumer StEM 2011"]
[Site "?"]
[Date "2011.09.08"]
[Round "1.2"]
[White "Bautz, Volker"]
[Black "Quast, Marcel"]
[Result "0-1"]
[WhiteElo "1826"]
[BlackElo "2142"]
[PlyCount "72"]

1. d4 f5 2. h3 Nf6 3. g4 d5 4. g5 Ne4 5. Bf4 e6 6. Nf3 c5 7. c3 Nc6 8. e3 Bd6
9. Bb5 cxd4 10. Bxc6+ bxc6 11. cxd4 Ba6 12. a3 Qa5+ 13. Nbd2 Bxf4 14. exf4 Qb5
15. Rc1 Rc8 16. b4 O-O 17. Ne5 Rfd8 18. Rg1 c5 19. bxc5 Qb2 20. Nef3 Nc3 21.
Qc2 Qb5 22. Nf1 Ne2 23. Rb1 Nxg1 24. Rxb5 Nxf3+ 25. Kd1 Bxb5 26. Ne3 Bc4 27.
Qc3 Nh4 28. Nxc4 dxc4 29. Qxc4 Rd5 30. Ke2 Ng6 31. Ke3 Ne7 32. Qa6 Kf7 33. Qxa7
Rcd8 34. c6 Rc8 35. c7 Rd7 36. Qb8 Rdxc7 0-1

[Event "2. Offene Bochumer StEM 2011"]
[Site "?"]
[Date "2011.09.08"]
[Round "1.3"]
[White "Kiese, Matthias"]
[Black "Jedner, Volker"]
[Result "1-0"]
[WhiteElo "2104"]
[BlackElo "1793"]
[PlyCount "93"]

1. d4 d5 2. Nf3 c6 3. c4 e6 4. Nc3 dxc4 5. a4 Bb4 6. e3 b5 7. Bd2 Qb6 8. axb5
cxb5 9. Ne5 Nf6 10. b3 Nbd7 11. bxc4 Nxe5 12. dxe5 Nd7 13. Nxb5 Bxd2+ 14. Qxd2
O-O 15. Qd6 a6 16. Qxb6 Nxb6 17. Nd6 a5 18. Bd3 Nd7 19. f4 Nc5 20. Bc2 Rd8 21.
Ke2 Bd7 22. Rhb1 Bc6 23. g3 Nd7 24. Be4 Bxe4 25. Nxe4 Rdc8 26. Rb7 Nc5 27. Nxc5
Rxc5 28. Ra4 Rac8 29. Kd3 Rd8+ 30. Kc3 Rdc8 31. Ra7 g6 32. R7xa5 R5c7 33. Ra6
Kg7 34. g4 h6 35. Ra7 Rc5 36. Kd4 R5c6 37. Rd7 Rc5 38. Kd3 g5 39. Raa7 Rxc4 40.
Rxf7+ Kg8 41. Rg7+ Kf8 42. Raf7+ Ke8 43. Rf6 gxf4 44. Rg8+ Ke7 45. Rxc8 Rxc8
46. exf4 Rh8 47. f5 1-0

[Event "2. Offene Bochumer StEM 2011"]
[Site "?"]
[Date "2011.09.08"]
[Round "1.4"]
[White "Sondermann, Dirk"]
[Black "Jellinghaus, Lars"]
[Result "0-1"]
[WhiteElo "1788"]
[BlackElo "2084"]
[PlyCount "94"]

1. d4 e6 2. g3 Nf6 3. Bg2 d5 4. Nf3 Be7 5. O-O O-O 6. c4 dxc4 7. Qc2 a6 8. Qxc4
b5 9. Qc2 Bb7 10. Bd2 Be4 11. Qc1 Qc8 12. b4 Nbd7 13. Ne5 Bxg2 14. Kxg2 Nxe5
15. dxe5 Qb7+ 16. Kg1 Nd7 17. Qb2 Nxe5 18. Bc3 Nc4 19. Qb3 Rfd8 20. a4 Bf8 21.
Rc1 Qe4 22. Ra2 Rd7 23. Be1 Qb7 24. axb5 axb5 25. Rxa8 Qxa8 26. Nc3 c6 27. Nd1
Qd8 28. Ne3 Nxe3 29. fxe3 Qb6 30. Qc3 Rc7 31. Bf2 g6 32. e4 Qb7 33. Bc5 Bg7 34.
Bd4 Bxd4+ 35. Qxd4 Qa7 36. Rc5 Rd7 37. Qf6 Rd1+ 38. Kf2 Qa1 39. Qe7 Qd4+ 40.
Kg2 Qxe4+ 41. Kh3 h5 42. Qe8+ Kg7 43. Qxc6 Qg4+ 44. Kg2 Qxe2+ 45. Kh3 Qg4+ 46.
Kg2 Rd2+ 47. Kg1 Qd1# 0-1

[Event "2. Offene Bochumer StEM 2011"]
[Site "?"]
[Date "2011.09.08"]
[Round "1.5"]
[White "Goralski, Christian"]
[Black "Domnik, Roland"]
[Result "1/2-1/2"]
[WhiteElo "2074"]
[BlackElo "1697"]
[PlyCount "98"]

1. e4 c5 2. c3 Nc6 3. d4 cxd4 4. cxd4 d5 5. exd5 Qxd5 6. Nf3 a6 7. Nc3 Qd6 8.
d5 Ne5 9. Bf4 Nxf3+ 10. Qxf3 e5 11. dxe6 Qxe6+ 12. Kd2 Qc6 13. Nd5 Bd6 14. Bxd6
Qxd6 15. Bd3 Be6 16. Rhe1 Ne7 17. Nxe7 Qxe7 18. Qe4 Rd8 19. f4 Kf8 20. Re3 Qd7
21. Ke2 Bd5 22. Qb4+ Qd6 23. Qxd6+ Rxd6 24. Rc1 g6 25. Be4 Bxe4 26. Rxe4 Rd7
27. Rf1 Kg7 28. f5 f6 29. g4 Rhd8 30. Re1 Rd2+ 31. Kf3 R8d3+ 32. R1e3 Rxe3+ 33.
Kxe3 Rxb2 34. Re7+ Kh6 35. h4 gxf5 36. gxf5 a5 37. Kf4 b5 38. Rf7 Rxa2 39.
Rxf6+ Kg7 40. Rb6 b4 41. Kg5 Rg2+ 42. Kf4 h5 43. Ke5 Re2+ 44. Kf4 Rc2 45. Rb7+
Kf6 46. Rb6+ Kf7 47. Rb7+ Kf6 48. Rb6+ Kf7 49. Rb7+ Kf6 1/2-1/2

[Event "2. Offene Bochumer StEM 2011"]
[Site "?"]
[Date "2011.09.08"]
[Round "1.6"]
[White "Tuscher, Albin"]
[Black "Bartel, Mario"]
[Result "0-1"]
[WhiteElo "1673"]
[BlackElo "2057"]
[PlyCount "48"]

1. e4 e5 2. Nf3 Nc6 3. Bb5 a6 4. Ba4 Nf6 5. O-O Nxe4 6. Re1 Nc5 7. Bxc6 dxc6 8.
Nxe5 Be7 9. d4 Ne6 10. Be3 O-O 11. Nc3 f6 12. Nf3 Ng5 13. Qe2 Nf7 14. Rad1 b6
15. a3 Re8 16. Rd2 Nd6 17. h3 Bf8 18. Nb1 Be6 19. b3 b5 20. Qd1 Qd7 21. Nc3 Qf7
22. d5 cxd5 23. Nxd5 Ne4 24. Rd4 Bxd5 0-1

[Event "2. Offene Bochumer StEM 2011"]
[Site "?"]
[Date "2011.09.08"]
[Round "1.7"]
[White "Müller, Falk"]
[Black "Stein, Daniel"]
[Result "1-0"]
[WhiteElo "2016"]
[BlackElo "1568"]
[PlyCount "53"]

1. e4 e6 2. d4 d5 3. Nc3 Bb4 4. e5 c5 5. a3 Bxc3+ 6. bxc3 Ne7 7. Nf3 Nbc6 8.
Bd2 Qc7 9. Bd3 c4 10. Be2 Bd7 11. O-O f6 12. Re1 O-O-O 13. a4 fxe5 14. Nxe5
Nxe5 15. dxe5 Nf5 16. Bg4 Rdf8 17. Bc1 Rf7 18. Bxf5 Rxf5 19. Qd4 Bc6 20. Ba3
Qf7 21. Qxa7 Kd7 22. a5 Qe8 23. a6 Qa8 24. Qc5 Qxa6 25. Qe7+ Kc8 26. Bd6 Qb6
27. Ra8# 1-0

[Event "2. Offene Bochumer StEM 2011"]
[Site "?"]
[Date "2011.09.08"]
[Round "1.8"]
[White "Kempken, Reinhold"]
[Black "Mancic, Ivan"]
[Result "0-1"]
[WhiteElo "1585"]
[BlackElo "1976"]
[PlyCount "80"]

1. e4 c5 2. d4 cxd4 3. c3 dxc3 4. Nxc3 Nc6 5. f4 d6 6. Nf3 Nf6 7. Bc4 e6 8. O-O
Be7 9. h3 O-O 10. Be3 Qa5 11. g4 a6 12. g5 Nd7 13. a3 b5 14. Bd3 Re8 15. b4 Qd8
16. h4 Bb7 17. Rf2 Bf8 18. h5 Ne7 19. Rh2 Rc8 20. Ne2 d5 21. e5 Nb6 22. g6 fxg6
23. hxg6 h6 24. Nfd4 Nc4 25. Bxc4 dxc4 26. Nxe6 Qxd1+ 27. Rxd1 Nf5 28. Nxf8
Nxe3 29. Rd7 Bc6 30. Rf7 Rxf8 31. e6 Be4 32. e7 Rxf7 33. gxf7+ Kxf7 34. Rh5 Nf5
35. Nc3 Bd3 36. Nd5 Nxe7 37. Nb6 Rc6 38. Nd7 Rc7 39. Ne5+ Ke8 40. Rh3 Bf5 0-1

[Event "2. Offene Bochumer StEM 2011"]
[Site "?"]
[Date "2011.09.08"]
[Round "1.9"]
[White "Klüting, Reiner"]
[Black "Ulrich, Robin"]
[Result "1/2-1/2"]
[WhiteElo "1939"]
[BlackElo "1532"]
[PlyCount "84"]

1. e4 e5 2. Nc3 Nf6 3. Bc4 Nxe4 4. Qh5 Nd6 5. Qxe5+ Qe7 6. Qxe7+ Bxe7 7. Bb3 c6
8. Nf3 Nf5 9. O-O O-O 10. Re1 d5 11. d4 Bf6 12. Ne2 Re8 13. c3 Na6 14. Bf4 Bd7
15. Ne5 Bxe5 16. Bxe5 Re7 17. Ng3 Rae8 18. Nxf5 Bxf5 19. f3 Nc7 20. Kf2 Ne6 21.
Rad1 f6 22. Bd6 Rd7 23. Ba3 Kf7 24. g3 Nc7 25. Rxe8 Kxe8 26. Bb4 Ne6 27. Ba3
Nc7 28. g4 Bg6 29. Kg3 h5 30. h3 f5 31. Re1+ Kf7 32. gxh5 Bxh5 33. Re5 g6 34.
Bc2 Ne6 35. h4 Kf6 36. Bb4 Rg7 37. f4 Bg4 38. Re1 Rg8 39. a4 Ra8 40. Bd6 Rd8
41. Be5+ Kf7 42. Bb3 a6 1/2-1/2

[Event "2. Offene Bochumer StEM 2011"]
[Site "?"]
[Date "2011.09.08"]
[Round "1.10"]
[White "Schüler, Bernd"]
[Black "Winterkamp, Sascha"]
[Result "0-1"]
[WhiteElo "1476"]
[BlackElo "1942"]
[PlyCount "36"]

1. e4 c5 2. b4 cxb4 3. a3 d5 4. exd5 Qxd5 5. axb4 Qe5+ 6. Be2 Qxa1 7. Nc3 e6 8.
Nf3 Bxb4 9. O-O Bxc3 10. dxc3 Qxc3 11. Qd6 Nd7 12. Bb5 Ne7 13. Ne5 O-O 14. Nxd7
Bxd7 15. Bxd7 Nf5 16. Qf4 Rfd8 17. Bb5 Nd4 18. Qe5 Nf3+ 0-1

[Event "2. Offene Bochumer StEM 2011"]
[Site "?"]
[Date "2011.09.08"]
[Round "1.11"]
[White "Budszuhn, Timo"]
[Black "Ishar, Bing"]
[Result "0-1"]
[WhiteElo "1938"]
[BlackElo "1474"]
[PlyCount "38"]

1. e4 c6 2. d4 d5 3. exd5 cxd5 4. Bd3 Nf6 5. h3 Nc6 6. c3 Bd7 7. Nf3 Qc7 8. Na3
a6 9. O-O e6 10. Nc2 Be7 11. Nce1 O-O 12. Bc2 e5 13. dxe5 Nxe5 14. Nxe5 Qxe5
15. Nf3 Qh5 16. Bf4 Bc5 17. Nd4 Qh4 18. Bg3 Qg5 19. Nf3 Qxg3 0-1

[Event "2. Offene Bochumer StEM 2011"]
[Site "?"]
[Date "2011.09.08"]
[Round "1.12"]
[White "Picker, Andre"]
[Black "Schmidt, Ralph"]
[Result "0-1"]
[WhiteElo "1416"]
[BlackElo "1923"]
[PlyCount "56"]

1. c4 g6 2. g3 Bg7 3. d3 e6 4. Nc3 Ne7 5. Bg2 c6 6. e4 b6 7. Nge2 Bb7 8. O-O d5
9. cxd5 cxd5 10. Qc2 O-O 11. Nb5 Na6 12. Be3 Qd7 13. Nbd4 Rfc8 14. Qd2 Nc5 15.
Nc3 e5 16. Nxd5 Nxd5 17. exd5 exd4 18. Bh6 Bxd5 19. Bxd5 Qxd5 20. Bxg7 Kxg7 21.
Rfe1 Qf3 22. Rad1 Re8 23. Rxe8 Rxe8 24. Re1 Rxe1+ 25. Qxe1 Nxd3 26. Qd2 h5 27.
h4 Qe4 28. Kh2 Ne1 0-1

[Event "2. Offene Bochumer StEM 2011"]
[Site "?"]
[Date "2011.09.08"]
[Round "1.13"]
[White "Melmer, Felix"]
[Black "Kümmel, Hans-Jürgen"]
[Result "1-0"]
[WhiteElo "1907"]
[BlackElo "1338"]
[PlyCount "55"]

1. f4 e5 2. fxe5 Nc6 3. Nc3 Nxe5 4. d4 Ng6 5. e4 Bb4 6. Nf3 d6 7. Bd3 Bd7 8.
O-O Bxc3 9. bxc3 N8e7 10. Rb1 Rb8 11. Bc4 O-O 12. Ng5 d5 13. exd5 h6 14. Nxf7
Qc8 15. Ne5 Kh8 16. Rxf8+ Nxf8 17. Qh5 Nf5 18. Bd3 Qe8 19. Qxe8 Rxe8 20. Nxd7
Nxd7 21. Bxf5 Nf6 22. Be6 c6 23. c4 cxd5 24. cxd5 b6 25. c4 Ne4 26. Bf4 Nc3 27.
Rb2 Kh7 28. Rc2 1-0

[Event "2. Offene Bochumer StEM 2011"]
[Site "?"]
[Date "2011.09.08"]
[Round "1.14"]
[White "Böcker, Marcus"]
[Black "Berens, Thomas"]
[Result "0-1"]
[WhiteElo "1256"]
[BlackElo "1891"]
[PlyCount "54"]

1. e4 c5 2. f4 Nc6 3. Nf3 g6 4. c3 d5 5. e5 Bg4 6. Bb5 Qb6 7. Bxc6+ bxc6 8. h3
Bc8 9. b3 Ba6 10. Qc2 e6 11. d3 Ne7 12. g4 h5 13. g5 Nf5 14. Qf2 Bxd3 15. Be3
Nxe3 16. Qxe3 c4 17. Qxb6 axb6 18. Nbd2 Ba3 19. Kf2 Bb2 20. Rag1 Rxa2 21. Ke3
Bxc3 22. bxc4 dxc4 23. Rh2 Ke7 24. Rgg2 Rha8 25. Nd4 Bxd4+ 26. Kxd4 c5+ 27. Ke3
R8a3 0-1

[Event "2. Offene Bochumer StEM 2011"]
[Site "?"]
[Date "2011.09.08"]
[Round "1.15"]
[White "Meise, Ulrich"]
[Black "Säglitz, Patrick"]
[Result "1-0"]
[WhiteElo "1890"]
[BlackElo "1302"]
[PlyCount "31"]

1. d4 d5 2. Nf3 Nf6 3. e3 Bg4 4. c4 c6 5. Nc3 e6 6. Bd3 Nbd7 7. O-O dxc4 8.
Bxc4 b5 9. Bd3 Bd6 10. e4 e5 11. dxe5 Nxe5 12. Be2 Nxf3+ 13. Bxf3 b4 14. Bxg4
bxc3 15. bxc3 Nxe4 16. Re1 1-0

[Event "2. Offene Bochumer StEM 2011"]
[Site "?"]
[Date "2011.09.15"]
[Round "2.1"]
[White "Winterkamp, Sascha"]
[Black "Pewny, Uwe"]
[Result "1/2-1/2"]
[WhiteElo "1942"]
[BlackElo "2187"]
[PlyCount "31"]

1. d4 Nf6 2. Nf3 d6 3. c3 g6 4. Bg5 Bg7 5. Nbd2 h6 6. Bh4 g5 7. Bg3 Bf5 8. e3
Nbd7 9. Bc4 c6 10. Qe2 Ne4 11. Nxe4 Bxe4 12. O-O Qb6 13. Nd2 Bg6 14. f4 d5 15.
Bd3 Bxd3 16. Qxd3 1/2-1/2

[Event "2. Offene Bochumer StEM 2011"]
[Site "?"]
[Date "2011.09.15"]
[Round "2.2"]
[White "Quast, Marcel"]
[Black "Schmidt, Ralph"]
[Result "1/2-1/2"]
[WhiteElo "2142"]
[BlackElo "1923"]
[PlyCount "38"]

1. e4 e5 2. Nf3 d6 3. d4 exd4 4. Nxd4 Bd7 5. Nc3 Nc6 6. f4 Nge7 7. Nf3 f5 8.
Bc4 Na5 9. Bd3 fxe4 10. Nxe4 Bf5 11. Nh4 d5 12. Nf6+ Kf7 13. Nxf5 Nxf5 14. Ng4
Qh4+ 15. Nf2 Bc5 16. O-O Ne7 17. g3 Qf6 18. Kg2 Bxf2 19. Rxf2 c5 1/2-1/2

[Event "2. Offene Bochumer StEM 2011"]
[Site "?"]
[Date "2011.09.15"]
[Round "2.3"]
[White "Meise, Ulrich"]
[Black "Kiese, Matthias"]
[Result "1/2-1/2"]
[WhiteElo "1890"]
[BlackElo "2104"]
[PlyCount "70"]

1. e4 c5 2. c3 d5 3. exd5 Qxd5 4. Bb5+ Bd7 5. Bxd7+ Nxd7 6. Qf3 Ngf6 7. Qxd5
Nxd5 8. Nf3 g6 9. d4 Bg7 10. O-O O-O 11. Na3 cxd4 12. cxd4 Rfc8 13. Bd2 Rc6 14.
Nb5 a6 15. Nc3 Nxc3 16. Bxc3 Nf6 17. Rfe1 Nd5 18. Bd2 Rac8 19. a3 e6 20. h3 h6
21. Rac1 Rc2 22. Rxc2 Rxc2 23. Bc1 Ne7 24. b4 Nf5 25. Be3 b5 26. g4 Nxe3 27.
Rxe3 Rc1+ 28. Kg2 Kf8 29. h4 Ke7 30. g5 h5 31. Ne5 Rd1 32. Rc3 Bxe5 33. dxe5
Kd7 34. Rf3 Ke7 35. Rc3 Kd7 1/2-1/2

[Event "2. Offene Bochumer StEM 2011"]
[Site "?"]
[Date "2011.09.15"]
[Round "2.4"]
[White "Jellinghaus, Lars"]
[Black "Melmer, Felix"]
[Result "1-0"]
[WhiteElo "2084"]
[BlackElo "1907"]
[PlyCount "71"]

1. d4 f5 2. Nf3 Nf6 3. c4 e6 4. Bg5 Be7 5. e3 O-O 6. Nc3 d5 7. Bd3 c6 8. O-O
Qe8 9. Qc2 b6 10. cxd5 cxd5 11. Nb5 Na6 12. a3 Ne4 13. Bxe7 Qxe7 14. Rac1 Bb7
15. Qe2 g5 16. Ne5 Rfc8 17. Rxc8+ Bxc8 18. Rc1 Bb7 19. f3 Nf6 20. Rc3 Ne8 21.
Qc2 h5 22. g4 hxg4 23. fxg4 f4 24. exf4 gxf4 25. Be2 Qg7 26. Qg6 Qxg6 27. Nxg6
Kf7 28. Nxf4 Bc8 29. g5 Bd7 30. Bh5+ Ke7 31. Bxe8 Bxe8 32. Nc7 Nxc7 33. Rxc7+
Kd6 34. Rh7 e5 35. Rh6+ Ke7 36. Nxd5+ 1-0

[Event "2. Offene Bochumer StEM 2011"]
[Site "?"]
[Date "2011.09.15"]
[Round "2.5"]
[White "Bartel, Mario"]
[Black "Berens, Thomas"]
[Result "1-0"]
[WhiteElo "2057"]
[BlackElo "1891"]
[PlyCount "121"]

1. e4 c5 2. Nf3 Nc6 3. d4 cxd4 4. Nxd4 g6 5. Be3 Bg7 6. Nc3 Nf6 7. f3 O-O 8.
Qd2 d5 9. O-O-O dxe4 10. fxe4 Ng4 11. Nxc6 Qxd2+ 12. Bxd2 bxc6 13. Re1 Be6 14.
Nd1 Rfd8 15. h3 Ne5 16. b3 a5 17. Nb2 Rd7 18. Na4 Rad8 19. Bxa5 Bh6+ 20. Kb2
Rd1 21. Be2 Rxe1 22. Rxe1 Ra8 23. Bc3 Nd7 24. Rd1 Kf8 25. Bg4 Bxg4 26. hxg4 Nf6
27. Nb6 Re8 28. Nd7+ Nxd7 29. Rxd7 Bf4 30. a4 Rc8 31. b4 Ke8 32. Rd1 f6 33. Kb3
Bg3 34. Kc4 h5 35. gxh5 gxh5 36. Rh1 h4 37. Be1 Bxe1 38. Rxe1 Kd7 39. Rh1 Rg8
40. Rxh4 Rxg2 41. c3 Kd6 42. a5 Re2 43. Kd3 Rb2 44. Rh5 Ra2 45. Kd4 Rd2+ 46.
Kc4 Re2 47. Kd3 Ra2 48. Rh8 Ra1 49. Ra8 Kc7 50. Kd4 Re1 51. Ra7+ Kd6 52. Ra6
e5+ 53. Kd3 Kc7 54. Ra7+ Kb8 55. Rf7 Rd1+ 56. Kc4 Rd6 57. Kc5 Re6 58. Kb6 Kc8
59. c4 Rd6 60. c5 Re6 61. a6 1-0

[Event "2. Offene Bochumer StEM 2011"]
[Site "?"]
[Date "2011.09.15"]
[Round "2.6"]
[White "Ishar, Bing"]
[Black "Müller, Falk"]
[Result "0-1"]
[WhiteElo "1474"]
[BlackElo "2016"]
[PlyCount "74"]

1. d4 Nf6 2. c4 c5 3. d5 b5 4. cxb5 a6 5. b6 Qxb6 6. Nc3 g6 7. Nf3 Bg7 8. e4 d6
9. Be2 O-O 10. O-O Nbd7 11. a4 Ng4 12. a5 Qb7 13. Nd2 Nde5 14. h3 Nf6 15. f4
Ned7 16. Nc4 Ne8 17. Kh1 Nc7 18. Qc2 Nb5 19. Qd3 Rb8 20. Re1 Nd4 21. Bd1 Qc7
22. Na4 Re8 23. Ra3 f5 24. e5 dxe5 25. fxe5 Nxe5 26. Nxe5 Bxe5 27. Qe3 Bf6 28.
Rc3 Qxa5 29. Nxc5 Nb5 30. Bb3 Nxc3 31. bxc3 Rxb3 32. Nxb3 Qxc3 33. d6 Qxe3 34.
Rxe3 e5 35. Nc5 Rd8 36. Rd3 Bd7 37. Rb3 Bb5 {Zeitüberschreitung} 0-1

[Event "2. Offene Bochumer StEM 2011"]
[Site "?"]
[Date "2011.09.15"]
[Round "2.7"]
[White "Mancic, Ivan"]
[Black "Gawlick, Joachim"]
[Result "1-0"]
[WhiteElo "1976"]
[BlackElo "1865"]
[PlyCount "123"]

1. d4 d5 2. c4 e6 3. g3 Nf6 4. Bg2 c6 5. Nf3 dxc4 6. O-O Be7 7. Ne5 O-O 8. Nc3
Nbd7 9. Nxc4 Nb6 10. Ne5 h6 11. Qd3 Nfd7 12. Qf3 Bf6 13. Nxd7 Nxd7 14. Be3 Nb6
15. Rad1 Qe7 16. Ne4 Nd5 17. Bc1 Re8 18. Nxf6+ Nxf6 19. Qf4 Nd5 20. Qe5 f6 21.
Qh5 Qf7 22. Qxf7+ Kxf7 23. e4 Nb6 24. f4 Bd7 25. b3 Rad8 26. Bf3 f5 27. Ba3
fxe4 28. Bxe4 Nd5 29. Rd2 g6 30. Bd6 h5 31. h3 Ne3 32. Rf3 Nf5 33. Be5 Ng7 34.
Rc3 Rc8 35. Kf2 Rh8 36. b4 a6 37. Rdc2 Rhd8 38. g4 hxg4 39. hxg4 Rh8 40. Kg3
Rh7 41. a4 Ne8 42. b5 axb5 43. axb5 Nf6 44. Bxf6 Kxf6 45. g5+ Kf7 46. bxc6 bxc6
47. Bxc6 Ke7 48. Be4 Rxc3+ 49. Rxc3 e5 50. Rc7 exf4+ 51. Kxf4 Kd6 52. Rc5 Rg7
53. Ra5 Be8 54. Ra6+ Ke7 55. Ra7+ Kf8 56. Rxg7 Kxg7 57. Ke5 Kf7 58. d5 Ke7 59.
d6+ Kd7 60. Bc2 Bf7 61. Ba4+ Kd8 62. Kf6 1-0

[Event "2. Offene Bochumer StEM 2011"]
[Site "?"]
[Date "2011.09.15"]
[Round "2.8"]
[White "Herrmann, Uwe"]
[Black "Klüting, Reiner"]
[Result "1/2-1/2"]
[WhiteElo "1894"]
[BlackElo "1939"]
[PlyCount "20"]

1. d4 Nf6 2. c4 e5 3. dxe5 Ne4 4. a3 d6 5. Nf3 Bf5 6. e3 Nc6 7. exd6 Bxd6 8.
Be2 Qf6 9. O-O O-O-O 10. Nbd2 Qh6 1/2-1/2

[Event "2. Offene Bochumer StEM 2011"]
[Site "?"]
[Date "2011.09.15"]
[Round "2.9"]
[White "Ulrich, Robin"]
[Black "Goralski, Christian"]
[Result "0-1"]
[WhiteElo "1532"]
[BlackElo "2074"]
[PlyCount "64"]

1. e4 d5 2. exd5 Nf6 3. Bb5+ Nbd7 4. Nf3 a6 5. Be2 Nxd5 6. d4 b5 7. O-O Bb7 8.
b3 b4 9. Bb2 Nf4 10. Bc4 Nb6 11. Nbd2 Nxc4 12. Nxc4 e6 13. Bc1 Qf6 14. Bxf4
Qxf4 15. Qd2 Qxd2 16. Nfxd2 Rd8 17. Ne5 Rxd4 18. Ndf3 Rd5 19. Rad1 Bd6 20. Nc4
Ke7 21. Rfe1 Rd8 22. Rxd5 Bxd5 23. Nxd6 cxd6 24. Nd4 g6 25. Re3 Rc8 26. Kf1 Kd7
27. Re2 Rc3 28. Rd2 e5 29. Ne2 Rc5 30. c4 bxc3 31. Nxc3 Bxg2+ 32. Kxg2 Rxc3 0-1

[Event "2. Offene Bochumer StEM 2011"]
[Site "?"]
[Date "2011.09.15"]
[Round "2.10"]
[White "Kempken, Reinhold"]
[Black "Budszuhn, Timo"]
[Result "1-0"]
[WhiteElo "1585"]
[BlackElo "1938"]
[PlyCount "33"]

1. e4 e5 2. d4 exd4 3. c3 dxc3 4. Bc4 c6 5. Nxc3 Bc5 6. Bxf7+ Kxf7 7. Qh5+ Kf8
8. Qxc5+ d6 9. Qa3 Ne7 10. Bf4 d5 11. O-O-O Be6 12. Nf3 Kg8 13. Bg5 Kf8 14.
exd5 cxd5 15. Rhe1 h6 16. Rxe6 hxg5 17. Rxd5 1-0

[Event "2. Offene Bochumer StEM 2011"]
[Site "?"]
[Date "2011.09.15"]
[Round "2.11"]
[White "Maczkowiak, Thomas"]
[Black "Schüler, Bernd"]
[Result "1-0"]
[WhiteElo "1835"]
[BlackElo "1476"]
[PlyCount "69"]

1. Nf3 d5 2. c4 d4 3. b4 Bg4 4. Ne5 Nf6 5. Bb2 Qd6 6. Nxg4 Nxg4 7. e3 Nf6 8.
Qa4+ Nbd7 9. Bxd4 c6 10. c5 Qc7 11. Be2 e6 12. O-O Be7 13. Bb2 O-O 14. d4 a5
15. b5 Nd5 16. Nc3 b6 17. bxc6 Nxc3 18. Bxc3 Nf6 19. cxb6 Qxb6 20. Rab1 Qd8 21.
Bf3 Nd5 22. Bxd5 exd5 23. Rb5 Bd6 24. Rxa5 Rxa5 25. Qxa5 Bc7 26. Qa4 Qd6 27. g3
Rb8 28. Rc1 h5 29. Ba5 h4 30. Bxc7 Qxc7 31. Qc2 hxg3 32. hxg3 Rb6 33. Qc5 Rb2
34. Qxd5 Re2 35. Qd7 1-0

[Event "2. Offene Bochumer StEM 2011"]
[Site "?"]
[Date "2011.09.15"]
[Round "2.12"]
[White "Kümmel, Hans-Jürgen"]
[Black "Bautz, Volker"]
[Result "0-1"]
[WhiteElo "1338"]
[BlackElo "1826"]
[PlyCount "79"]

1. d4 c5 2. d5 e5 3. e4 d6 4. Nc3 a6 5. a4 f5 6. Bd2 Nf6 7. Bg5 Be7 8. Bxf6
Bxf6 9. g3 O-O 10. Bg2 fxe4 11. Nxe4 Bf5 12. Qd2 Qe7 13. Ne2 Nd7 14. O-O g5 15.
c4 h6 16. N2c3 Bg7 17. a5 Rf7 18. Na4 Nf6 19. Nac3 Bf8 20. Nxf6+ Qxf6 21. Ne4
Qg6 22. Rfe1 Be7 23. b3 Raf8 24. f3 g4 25. Qd3 gxf3 26. Bxf3 Bh3 27. Bg2 Bc8
28. Rf1 Bf5 29. Qe3 h5 30. Ra2 Bd8 31. Rff2 h4 32. h3 hxg3 33. Qxg3 Bxe4 34.
Qxg6+ Bxg6 35. Rxf7 Rxf7 36. Re2 Bxa5 37. Be4 Bxe4 38. Rxe4 Rf4 39. Re3 Kf7 40.
Kg2 0-1

[Event "2. Offene Bochumer StEM 2011"]
[Site "?"]
[Date "2011.09.15"]
[Round "2.13"]
[White "Jedner, Volker"]
[Black "Picker, Andre"]
[Result "1-0"]
[WhiteElo "1793"]
[BlackElo "1416"]
[PlyCount "53"]

1. d4 d5 2. Nf3 e6 3. e3 Nc6 4. Bd3 Nf6 5. O-O Bd6 6. b3 O-O 7. Bb2 h6 8. a3
Re8 9. c4 b6 10. Nbd2 e5 11. dxe5 Bxe5 12. Nxe5 Nxe5 13. Be2 Qd6 14. Rc1 Neg4
15. Nf3 Bb7 16. h3 Ne5 17. Nxe5 Rxe5 18. Bxe5 Qxe5 19. Bf3 Ne4 20. cxd5 Rd8 21.
Bxe4 Qxe4 22. Qf3 Qe7 23. e4 Qxa3 24. Rxc7 Bxd5 25. exd5 f6 26. Qg3 g5 27. Qd3
1-0

[Event "2. Offene Bochumer StEM 2011"]
[Site "?"]
[Date "2011.09.15"]
[Round "2.14"]
[White "Säglitz, Patrick"]
[Black "Sondermann, Dirk"]
[Result "0-1"]
[WhiteElo "1302"]
[BlackElo "1788"]
[PlyCount "40"]

1. e4 e6 2. d4 b6 3. Nf3 Bb7 4. Bd3 Nf6 5. Bg5 Be7 6. e5 Nd5 7. Bxe7 Qxe7 8. c4
Qb4+ 9. Qd2 Nf4 10. Bf1 Qxd2+ 11. Nbxd2 Nc6 12. g3 Ng6 13. Bg2 Nxd4 14. O-O
Nxf3+ 15. Bxf3 O-O-O 16. Bxb7+ Kxb7 17. f4 d5 18. f5 Nxe5 19. fxe6 fxe6 20.
Rae1 dxc4 0-1

[Event "2. Offene Bochumer StEM 2011"]
[Site "?"]
[Date "2011.09.15"]
[Round "2.15"]
[White "Schulz, Wolfgang"]
[Black "Tuscher, Albin"]
[Result "0-1"]
[WhiteElo "1000"]
[BlackElo "1673"]
[PlyCount "74"]

1. e4 e6 2. Bb5 a6 3. Bc4 b5 4. Be2 Bb7 5. Bf3 c5 6. e5 Nc6 7. Qe2 Nd4 8. Qd3
Nxf3+ 9. Nxf3 Qc7 10. Nc3 Ne7 11. Ne4 Nf5 12. c4 Qc6 13. Neg5 h6 14. Nh3 g5 15.
Nhg1 g4 16. Qe2 gxf3 17. Nxf3 Nd4 18. Nxd4 cxd4 19. d3 Qxg2 20. Rf1 Bb4+ 21.
Bd2 Bf3 22. Bxb4 Bxe2 23. Kxe2 Qxh2 24. Bc5 Qxe5+ 25. Kd2 Qxc5 26. Rac1 Qb4+
27. Ke2 Qxb2+ 28. Kf3 bxc4 29. Ke4 cxd3 30. Rb1 Qxa2 31. Kxd3 Qd5 32. f3 Ke7
33. f4 Rac8 34. f5 Rc3+ 35. Kd2 Rhc8 36. f6+ Kd8 37. Rg1 Qa2+ 0-1

[Event "2. Offene Bochumer StEM 2011"]
[Site "?"]
[Date "2011.09.15"]
[Round "2.16"]
[White "Stein, Daniel"]
[Black "Böcker, Marcus"]
[Result "1/2-1/2"]
[WhiteElo "1568"]
[BlackElo "1256"]
[PlyCount "34"]

1. d4 Nf6 2. Bg5 e6 3. e4 Be7 4. Bd3 c5 5. e5 Nd5 6. Bxe7 Qxe7 7. Qg4 g6 8. c3
cxd4 9. Qxd4 Nc6 10. Qe4 f5 11. exf6 Nxf6 12. Qh4 Ne5 13. Bc2 b6 14. f4 Nf7 15.
Nf3 Nd5 16. Qxe7+ Kxe7 17. Be4 Bb7 1/2-1/2

[Event "2. Offene Bochumer StEM 2011"]
[Site "?"]
[Date "2011.09.22"]
[Round "3.1"]
[White "Müller, Falk"]
[Black "Jellinghaus, Lars"]
[Result "1/2-1/2"]
[WhiteElo "2016"]
[BlackElo "2084"]
[PlyCount "81"]

1. e4 e6 2. d4 d5 3. Nc3 Nf6 4. Bg5 Be7 5. Bxf6 Bxf6 6. e5 Be7 7. Qg4 O-O 8. h4
c5 9. dxc5 Nc6 10. Nf3 f5 11. exf6 Bxf6 12. Bd3 Bxc3+ 13. bxc3 Qf6 14. O-O e5
15. Qg5 Qxg5 16. Nxg5 h6 17. Nh3 Bxh3 18. gxh3 Rf3 19. c4 e4 20. cxd5 exd3 21.
dxc6 bxc6 22. Kg2 Raf8 23. cxd3 Rxd3 24. Rfd1 Rff3 25. Rxd3 Rxd3 26. Rb1 Ra3
27. Rb7 Rxa2 28. Rc7 a5 29. Rxc6 Rc2 30. Rc7 a4 31. Ra7 Rxc5 32. Rxa4 Rc3 33.
f3 Kh7 34. Kg3 Rc1 35. h5 Rg1+ 36. Kf2 Rg5 37. Rh4 Kg8 38. Ke3 Kf7 39. Rf4+ Kg8
40. Rh4 Kf7 41. Ke4 1/2-1/2